[Event "Glorney Gilbert International 2017 - Glorney"]
[Site "Daventry, England"]
[Date "2017.07.25"]
[Round "3.1"]
[White "Thomas, Ben"]
[Black "Mulligan, Scott"]
[Result "1/2-1/2"]
[BlackElo "1986"]
[WhiteElo "1963"]
[LiveChessVersion "1.4.6"]

1. e4 {[%clk 1:30:51]} e6 {[%clk 1:30:51]} 2. d4 {[%clk 1:30:51]} d5
{[%clk 1:31:18]} 3. Nd2 {[%clk 1:30:24]} Nf6 {[%clk 1:31:43]} 4. e5
{[%clk 1:30:15]} Nfd7 {[%clk 1:32:08]} 5. Bd3 {[%clk 1:30:00]} c5
{[%clk 1:32:35]} 6. c3 {[%clk 1:29:50]} Nc6 {[%clk 1:33:01]} 7. Ngf3
{[%clk 1:28:16]} g6 {[%clk 1:32:05]} 8. O-O {[%clk 1:23:40]} Bg7 {[%clk 1:31:42]}
9. Re1 {[%clk 1:21:28]} O-O {[%clk 1:31:09]} 10. Nf1 {[%clk 1:18:32]} Qb6
{[%clk 1:24:50]} 11. Bc2 {[%clk 0:52:36]} f6 {[%clk 1:20:22]} 12. exf6
{[%clk 0:47:26]} Nxf6 {[%clk 1:20:38]} 13. dxc5 {[%clk 0:42:33]} Qxc5
{[%clk 1:21:01]} 14. Be3 {[%clk 0:41:23]} Qe7 {[%clk 1:12:50]} 15. Bg5
{[%clk 0:36:15]} Qc7 {[%clk 1:03:20]} 16. Qd2 {[%clk 0:31:49]} Ng4
{[%clk 0:53:36]} 17. Ne3 {[%clk 0:22:10]} Nce5 {[%clk 0:52:43]} 18. Nxg4
{[%clk 0:17:53]} Nxg4 {[%clk 0:52:15]} 19. h3 {[%clk 0:17:47]} Ne5
{[%clk 0:47:56]} 20. Nxe5 {[%clk 0:15:36]} Bxe5 {[%clk 0:48:10]} 21. Qe3
{[%clk 0:12:29]} Bh2+ {[%clk 0:46:01]} 22. Kh1 {[%clk 0:12:40]} Bf4
{[%clk 0:45:21]} 23. Bxf4 {[%clk 0:12:38]} Rxf4 {[%clk 0:45:30]} 24. Qg3
{[%clk 0:11:01]} Qf7 {[%clk 0:43:45]} 25. Kg1 {[%clk 0:10:17]} Bd7
{[%clk 0:42:34]} 26. Re5 {[%clk 0:09:58]} Rf8 {[%clk 0:35:54]} 27. f3
{[%clk 0:09:39]} b5 {[%clk 0:34:57]} 28. Rae1 {[%clk 0:08:43]} b4
{[%clk 0:35:01]} 29. cxb4 {[%clk 0:08:22]} Rxb4 {[%clk 0:35:13]} 30. Rg5
{[%clk 0:08:15]} Kg7 {[%clk 0:33:55]} 31. b3 {[%clk 0:07:24]} Rc8
{[%clk 0:30:09]} 32. Bb1 {[%clk 0:07:44]} Qf4 {[%clk 0:28:40]} 33. Qxf4
{[%clk 0:06:56]} 1/2-1/2

[Event "Glorney Gilbert International 2017 - Glorney"]
[Site "Daventry, England"]
[Date "2017.07.25"]
[Round "3.2"]
[White "Byrne, Alex"]
[Black "Fowler, Hugo"]
[Result "1-0"]
[BlackElo "1739"]
[WhiteElo "1949"]
[LiveChessVersion "1.4.6"]

1. e4 {[%clk 1:30:58]} e5 {[%clk 1:30:37]} 2. Nf3 {[%clk 1:31:18]} Nc6
{[%clk 1:30:39]} 3. Bc4 {[%clk 1:31:47]} Bc5 {[%clk 1:30:31]} 4. c3
{[%clk 1:32:16]} Nf6 {[%clk 1:30:23]} 5. d4 {[%clk 1:32:44]} exd4
{[%clk 1:30:17]} 6. cxd4 {[%clk 1:33:13]} Bb4+ {[%clk 1:30:28]} 7. Bd2
{[%clk 1:33:39]} Bxd2+ {[%clk 1:30:19]} 8. Nbxd2 {[%clk 1:34:02]} d5
{[%clk 1:30:33]} 9. exd5 {[%clk 1:34:28]} Nxd5 {[%clk 1:30:49]} 10. O-O
{[%clk 1:34:53]} O-O {[%clk 1:29:03]} 11. Rc1 {[%clk 1:35:22]} Nb6
{[%clk 1:19:51]} 12. Bb3 {[%clk 1:32:57]} Nxd4 {[%clk 1:12:03]} 13. Nxd4
{[%clk 1:32:42]} Qxd4 {[%clk 1:12:11]} 14. Rxc7 {[%clk 1:32:29]} Qd6
{[%clk 1:08:34]} 15. Rc1 {[%clk 1:27:49]} Be6 {[%clk 1:04:50]} 16. Nc4
{[%clk 1:21:18]} Qxd1 {[%clk 1:02:37]} 17. Rfxd1 {[%clk 1:21:45]} Bxc4
{[%clk 1:02:11]} 18. Bxc4 {[%clk 1:22:13]} Rfd8 {[%clk 1:01:58]} 19. Bb3
{[%clk 1:21:49]} Rxd1+ {[%clk 0:58:10]} 20. Rxd1 {[%clk 1:22:09]} Kf8
{[%clk 0:57:51]} 21. Rd4 {[%clk 1:17:53]} f6 {[%clk 0:54:56]} 22. Kf1
{[%clk 1:16:54]} Re8 {[%clk 0:51:51]} 23. Bc2 {[%clk 1:13:39]} g6
{[%clk 0:49:08]} 24. Be4 {[%clk 1:12:31]} Re7 {[%clk 0:35:25]} 25. a4
{[%clk 1:11:09]} f5 {[%clk 0:32:22]} 26. Bf3 {[%clk 1:09:29]} a5 {[%clk 0:18:32]}
27. b3 {[%clk 0:57:30]} Ke8 {[%clk 0:08:58]} 28. Rd6 {[%clk 0:54:19]} Nc8
{[%clk 0:08:54]} 29. Rd5 {[%clk 0:53:52]} b6 {[%clk 0:09:03]} 30. Be2
{[%clk 0:53:25]} Kf7 {[%clk 0:08:04]} 31. Ba6 {[%clk 0:50:21]} Rc7
{[%clk 0:02:37]} 32. Rd8 {[%clk 0:49:29]} Ne7 {[%clk 0:02:38]} 33. Bc4+
{[%clk 0:49:46]} Kg7 {[%clk 0:02:23]} 34. Rd6 {[%clk 0:48:52]} Rc6
{[%clk 0:02:20]} 35. Rd7 {[%clk 0:46:20]} Kf6 {[%clk 0:02:33]} 36. Rd8
{[%clk 0:46:11]} Ke5 {[%clk 0:02:18]} 37. Re8 {[%clk 0:44:56]} Kd6
{[%clk 0:02:07]} 38. Rd8+ {[%clk 0:42:29]} Kc7 39. Rf8 {[%clk 0:38:56]} h6
{[%clk 0:01:21]} 40. Ke2 {[%clk 0:35:43]} Rd6 {[%clk 0:01:19]} 41. Rh8
{[%clk 0:34:22]} h5 {[%clk 0:01:38]} 42. Re8 {[%clk 0:25:47]} Kd7
{[%clk 0:01:10]} 43. Bb5+ {[%clk 0:23:12]} Nc6 {[%clk 0:00:58]} 44. Re3
{[%clk 0:22:12]} Rd5 {[%clk 0:00:56]} 45. Rc3 {[%clk 0:17:05]} Rd6
{[%clk 0:01:07]} 46. Ke3 {[%clk 0:15:56]} g5 {[%clk 0:01:07]} 47. f4
{[%clk 0:15:03]} Re6+ {[%clk 0:00:51]} 48. Kf3 {[%clk 0:15:33]} g4+
{[%clk 0:01:06]} 49. Kg3 {[%clk 0:15:44]} Kc7 {[%clk 0:01:00]} 50. Kh4
{[%clk 0:15:45]} Kb7 {[%clk 0:00:54]} 51. Bxc6+ {[%clk 0:16:14]} Rxc6
{[%clk 0:01:22]} 52. Rxc6 {[%clk 0:16:43]} Kxc6 {[%clk 0:01:37]} 53. Kg5
{[%clk 0:17:06]} Kd6 {[%clk 0:01:36]} 54. Kxf5 {[%clk 0:17:28]} Ke7
{[%clk 0:02:01]} 55. Ke5 {[%clk 0:17:51]} Kf7 {[%clk 0:02:14]} 56. h4
{[%clk 0:18:01]} gxh3 {[%clk 0:02:08]} 57. gxh3 {[%clk 0:18:29]} Ke8
{[%clk 0:02:04]} 58. h4 {[%clk 0:18:50]} Ke7 {[%clk 0:02:28]} 59. f5
{[%clk 0:19:16]} Kf7 {[%clk 0:02:54]} 60. f6 {[%clk 0:19:45]} Kf8
{[%clk 0:03:13]} 61. Ke6 {[%clk 0:19:38]} Ke8 {[%clk 0:03:41]} 62. f7+
{[%clk 0:19:11]} Kf8 {[%clk 0:04:08]} 63. Kf6 {[%clk 0:19:14]} b5
{[%clk 0:04:28]} 64. axb5 {[%clk 0:19:12]} a4 {[%clk 0:04:57]} 65. b6
{[%clk 0:19:40]} 1-0

[Event "Glorney Gilbert International 2017 - Glorney"]
[Site "Daventry, England"]
[Date "2017.07.25"]
[Round "3.3"]
[White "Camp, Imogen A L"]
[Black "Higgins, Michael"]
[Result "0-1"]
[BlackElo "1955"]
[WhiteElo "1802"]
[LiveChessVersion "1.4.6"]

1. d4 {[%clk 1:30:59]} Nf6 {[%clk 1:30:55]} 2. Nf3 {[%clk 1:31:27]} g6
{[%clk 1:31:19]} 3. Bf4 {[%clk 1:31:54]} Bg7 {[%clk 1:31:44]} 4. e3
{[%clk 1:32:18]} O-O {[%clk 1:32:08]} 5. Bd3 {[%clk 1:32:21]} d6 {[%clk 1:32:33]}
6. c3 {[%clk 1:30:34]} c5 {[%clk 1:31:59]} 7. Nbd2 {[%clk 1:24:36]} Nc6
{[%clk 1:30:21]} 8. O-O {[%clk 1:22:06]} cxd4 {[%clk 1:23:17]} 9. exd4
{[%clk 1:19:08]} e5 {[%clk 1:17:54]} 10. Be3 {[%clk 1:01:09]} Re8
{[%clk 1:14:25]} 11. dxe5 {[%clk 0:54:18]} dxe5 {[%clk 1:13:38]} 12. Bc4
{[%clk 0:50:48]} h6 {[%clk 1:03:25]} 13. Qe2 {[%clk 0:44:40]} e4 {[%clk 0:53:02]}
14. Nd4 {[%clk 0:41:31]} Ne5 {[%clk 0:52:42]} 15. h3 {[%clk 0:35:51]} Nxc4
{[%clk 0:46:07]} 16. Nxc4 {[%clk 0:34:39]} Nd5 {[%clk 0:36:18]} 17. Nb5
{[%clk 0:29:13]} Bd7 {[%clk 0:22:59]} 18. Nbd6 {[%clk 0:11:15]} Re6
{[%clk 0:23:20]} 19. Nxb7 {[%clk 0:07:46]} Qc7 {[%clk 0:22:30]} 20. Nc5
{[%clk 0:07:44]} Re7 {[%clk 0:22:44]} 21. Nxd7 {[%clk 0:07:56]} Rxd7
{[%clk 0:22:06]} 22. Rfd1 {[%clk 0:07:04]} Rad8 {[%clk 0:20:51]} 23. Rac1
{[%clk 0:04:48]} f5 {[%clk 0:18:43]} 24. Na3 {[%clk 0:03:49]} Qa5
{[%clk 0:15:31]} 25. Qc2 {[%clk 0:02:54]} Nxe3 {[%clk 0:12:45]} 26. fxe3
{[%clk 0:03:02]} Rd3 {[%clk 0:12:45]} 27. Rxd3 {[%clk 0:02:18]} exd3
{[%clk 0:12:56]} 28. Qb3+ {[%clk 0:02:06]} Kh7 {[%clk 0:13:17]} 29. Nc4
{[%clk 0:02:16]} Qc5 {[%clk 0:12:23]} 30. Qb4 {[%clk 0:01:20]} Qc7
{[%clk 0:11:39]} 31. Nd2 {[%clk 0:01:15]} Qg3 {[%clk 0:10:20]} 32. Qc5
{[%clk 0:01:30]} Rd7 {[%clk 0:06:20]} 33. Nf1 {[%clk 0:01:40]} Qg5
{[%clk 0:06:09]} 34. Rd1 {[%clk 0:01:21]} Qf6 {[%clk 0:04:54]} 35. Rd2
{[%clk 0:01:05]} f4 {[%clk 0:04:38]} 36. exf4 {[%clk 0:00:47]} Qxf4
{[%clk 0:04:57]} 37. Qb5 {[%clk 0:01:03]} Rd6 {[%clk 0:04:46]} 38. a3
{[%clk 0:00:41]} Qe4 {[%clk 0:04:35]} 39. Qb4 {[%clk 0:00:58]} Qe6
{[%clk 0:04:26]} 40. Qc5 {[%clk 0:00:59]} Bf8 {[%clk 0:03:51]} 41. Qxa7+
{[%clk 0:01:20]} Rd7 {[%clk 0:04:10]} 42. Qa8 {[%clk 0:01:01]} Bc5+
{[%clk 0:04:06]} 43. Kh1 {[%clk 0:01:25]} Qe1 {[%clk 0:03:48]} 44. Qf3
{[%clk 0:01:43]} Kg7 {[%clk 0:04:00]} 45. b4 {[%clk 0:01:12]} Rf7
{[%clk 0:04:03]} 0-1

[Event "Glorney Gilbert International 2017 - Glorney"]
[Site "Daventry, England"]
[Date "2017.07.25"]
[Round "3.4"]
[White "Melaugh, Shane"]
[Black "Lutchman-Singh, Karanvir"]
[Result "1-0"]
[BlackElo "1603"]
[WhiteElo "1928"]
[LiveChessVersion "1.4.6"]

1. d4 {[%clk 1:30:18]} Nf6 {[%clk 1:30:52]} 2. Nc3 {[%clk 1:30:42]} d5
{[%clk 1:29:23]} 3. Bf4 {[%clk 1:31:07]} c5 {[%clk 1:29:26]} 4. e3
{[%clk 1:30:12]} Nc6 {[%clk 1:28:30]} 5. Nb5 {[%clk 1:30:07]} e5 {[%clk 1:26:13]}
6. dxe5 {[%clk 1:30:16]} Ne4 {[%clk 1:23:43]} 7. Qxd5 {[%clk 1:29:12]} Qa5+
{[%clk 1:23:15]} 8. c3 {[%clk 1:29:35]} Bf5 9. Bc4 {[%clk 1:22:11]} Bg6
{[%clk 1:22:10]} 10. e6 {[%clk 1:22:07]} Rd8 {[%clk 1:20:58]} 11. exf7+
{[%clk 1:22:30]} Ke7 {[%clk 1:21:15]} 12. Qe6# {[%clk 1:22:56]} 1-0

[Event "Glorney Gilbert International 2017 - Glorney"]
[Site "Daventry, England"]
[Date "2017.07.25"]
[Round "3.5"]
[White "Petkov, Petko (wls)"]
[Black "Scott, Luke"]
[Result "1/2-1/2"]
[BlackElo "1748"]
[WhiteElo "1569"]
[LiveChessVersion "1.4.6"]

1. c4 {[%clk 1:30:57]} d5 {[%clk 1:28:47]} 2. cxd5 {[%clk 1:31:09]} Nf6
{[%clk 1:29:13]} 3. d4 {[%clk 1:30:05]} g6 {[%clk 1:28:48]} 4. Nf3
{[%clk 1:27:36]} Bg7 {[%clk 1:28:44]} 5. Bg5 {[%clk 1:24:35]} Nxd5
{[%clk 1:20:48]} 6. e4 {[%clk 1:24:44]} Nb6 {[%clk 1:21:11]} 7. h3
{[%clk 1:14:12]} c5 {[%clk 1:19:21]} 8. Be3 {[%clk 1:09:10]} O-O {[%clk 1:15:02]}
9. Nc3 {[%clk 1:08:31]} cxd4 {[%clk 1:09:56]} 10. Nxd4 {[%clk 1:04:16]} Bd7
{[%clk 1:06:45]} 11. Be2 {[%clk 1:02:37]} Nc6 {[%clk 1:06:50]} 12. O-O
{[%clk 1:01:19]} Nxd4 {[%clk 1:03:32]} 13. Bxd4 {[%clk 1:01:38]} Bc6
{[%clk 1:03:37]} 14. Bxg7 {[%clk 1:01:11]} Kxg7 {[%clk 1:04:05]} 15. Qb3
{[%clk 0:56:40]} Qd4 {[%clk 1:00:06]} 16. Rad1 {[%clk 0:53:33]} Qc5
{[%clk 1:00:30]} 17. Rd2 {[%clk 0:48:40]} Rfd8 {[%clk 0:58:01]} 18. Rfd1
{[%clk 0:47:38]} Rxd2 {[%clk 0:58:25]} 19. Rxd2 {[%clk 0:48:01]} Nd7
{[%clk 0:55:33]} 20. Nd5 {[%clk 0:41:39]} e6 {[%clk 0:52:41]} 21. Qc3+
{[%clk 0:38:15]} Qxc3 {[%clk 0:52:51]} 22. Nxc3 {[%clk 0:38:36]} a6
{[%clk 0:50:15]} 23. f4 {[%clk 0:35:57]} f5 {[%clk 0:50:35]} 24. e5
{[%clk 0:34:52]} g5 {[%clk 0:49:07]} 25. g3 {[%clk 0:32:43]} gxf4
{[%clk 0:49:10]} 26. gxf4 {[%clk 0:32:37]} Kf7 {[%clk 0:49:34]} 27. Kf2
{[%clk 0:32:24]} Ke7 {[%clk 0:47:09]} 28. Bf3 {[%clk 0:28:43]} Bxf3
{[%clk 0:45:52]} 29. Kxf3 {[%clk 0:29:00]} Rg8 {[%clk 0:46:10]} 30. Rg2
{[%clk 0:23:35]} Rxg2 {[%clk 0:46:01]} 31. Kxg2 {[%clk 0:24:01]} b5
{[%clk 0:45:20]} 32. b4 {[%clk 0:23:25]} Nb8 {[%clk 0:43:40]} 33. Kg3
{[%clk 0:22:51]} Nc6 {[%clk 0:44:01]} 34. a3 {[%clk 0:22:54]} Kf7
{[%clk 0:43:32]} 35. Ne2 {[%clk 0:22:03]} Kg6 {[%clk 0:43:35]} 36. Kh4
{[%clk 0:16:50]} 1/2-1/2

[Event "Glorney Gilbert International 2017 - Glorney"]
[Site "Daventry, England"]
[Date "2017.07.25"]
[Round "3.6"]
[White "Gallagher, Daniel Gh"]
[Black "O'gorman, Alice"]
[Result "1-0"]
[BlackElo "1950"]
[WhiteElo "2147"]
[LiveChessVersion "1.4.6"]

1. d4 {[%clk 1:30:41]} d5 {[%clk 1:30:56]} 2. Bf4 {[%clk 1:30:56]} Nf6
{[%clk 1:30:43]} 3. e3 {[%clk 1:31:22]} e6 {[%clk 1:30:16]} 4. Nf3
{[%clk 1:31:41]} Bd6 {[%clk 1:30:07]} 5. Bg3 {[%clk 1:32:06]} O-O
{[%clk 1:27:32]} 6. Nbd2 {[%clk 1:30:59]} Re8 {[%clk 1:25:31]} 7. Bd3
{[%clk 1:30:49]} Nbd7 {[%clk 1:23:02]} 8. Ne5 {[%clk 1:30:14]} Nf8
{[%clk 1:16:52]} 9. f4 {[%clk 1:25:44]} N6d7 {[%clk 1:14:46]} 10. Qh5
{[%clk 1:21:52]} f6 {[%clk 1:05:00]} 11. Bxh7+ {[%clk 1:19:21]} 1-0

[Event "Glorney Gilbert International 2017 - Glorney"]
[Site "Daventry, England"]
[Date "2017.07.25"]
[Round "3.7"]
[White "Scallan, Fiachra"]
[Black "Brewer, Callum D"]
[Result "0-1"]
[BlackElo "2015"]
[WhiteElo "1888"]
[LiveChessVersion "1.4.6"]

1. e4 {[%clk 1:30:58]} c6 {[%clk 1:30:59]} 2. d4 {[%clk 1:31:22]} d5
{[%clk 1:31:27]} 3. Nc3 {[%clk 1:31:46]} dxe4 {[%clk 1:31:56]} 4. Nxe4
{[%clk 1:32:27]} Nd7 {[%clk 1:32:42]} 5. Ng5 {[%clk 1:32:27]} Ngf6
{[%clk 1:28:08]} 6. N1f3 e6 {[%clk 1:28:24]} 7. Bd3 {[%clk 1:32:16]} Bd6
{[%clk 1:28:52]} 8. Qe2 {[%clk 1:31:40]} h6 {[%clk 1:29:21]} 9. Ne4
{[%clk 1:31:48]} Nxe4 {[%clk 1:29:49]} 10. Qxe4 {[%clk 1:31:45]} Qc7 11. Qg4
{[%clk 1:31:35]} Kf8 {[%clk 1:30:18]} 12. O-O {[%clk 1:31:21]} b6
{[%clk 1:30:24]} 13. b3 {[%clk 1:30:18]} Bb7 14. Bb2 {[%clk 1:29:26]} Nf6
{[%clk 1:30:52]} 15. Qh3 {[%clk 1:20:17]} Nd5 {[%clk 1:31:21]} 16. Rae1
{[%clk 1:18:10]} Nf4 {[%clk 1:21:54]} 17. Qh4 {[%clk 1:17:03]} c5
{[%clk 1:18:03]} 18. dxc5 {[%clk 1:05:51]} bxc5 {[%clk 1:02:22]} 19. Re3
{[%clk 1:01:02]} Be7 {[%clk 0:58:29]} 20. Qg3 Bf6 21. Be5 {[%clk 0:58:16]} Bxe5
{[%clk 0:57:58]} 22. Nxe5 {[%clk 0:58:37]} g5 23. Be4 Rd8 {[%clk 0:51:49]} 24.
Bxb7 {[%clk 0:55:57]} Qxb7 {[%clk 0:52:00]} 25. Nd3 {[%clk 0:49:08]} Rd4
{[%clk 0:29:33]} 26. Rfe1 {[%clk 0:37:10]} Qc7 27. Re4 Rxe4 {[%clk 0:25:46]} 28.
Rxe4 {[%clk 0:37:33]} Qc6 {[%clk 0:26:10]} 29. Qf3 {[%clk 0:30:52]} Nxd3
{[%clk 0:24:57]} 30. Qxd3 {[%clk 0:25:46]} Ke7 {[%clk 0:24:22]} 31. Qe2
{[%clk 0:24:58]} Rd8 {[%clk 0:24:10]} 32. Rc4 {[%clk 0:22:36]} Qa6
{[%clk 0:13:01]} 33. Qf1 Rd4 34. Rxc5 {[%clk 0:21:19]} Qd6 {[%clk 0:13:24]} 35.
Ra5 {[%clk 0:18:46]} Rd1 {[%clk 0:13:40]} 36. Rxa7+ {[%clk 0:17:52]} Kf6
{[%clk 0:14:04]} 37. g3 {[%clk 0:17:59]} Rxf1+ {[%clk 0:14:01]} 38. Kxf1
{[%clk 0:18:27]} Qd1+ {[%clk 0:14:19]} 39. Kg2 {[%clk 0:18:51]} Qxc2
{[%clk 0:14:46]} 40. b4 {[%clk 0:19:10]} Qe4+ 0-1

[Event "Glorney Gilbert International 2017 - Glorney"]
[Site "Daventry, England"]
[Date "2017.07.25"]
[Round "3.8"]
[White "Miller, Dominic"]
[Black "Nolan, Conor"]
[Result "1/2-1/2"]
[BlackElo "1849"]
[WhiteElo "2103"]
[LiveChessVersion "1.4.6"]

1. e4 {[%clk 1:30:56]} c6 {[%clk 1:30:57]} 2. d4 {[%clk 1:30:52]} d5
{[%clk 1:31:20]} 3. exd5 {[%clk 1:31:19]} cxd5 {[%clk 1:31:44]} 4. c4
{[%clk 1:31:45]} Nf6 {[%clk 1:32:08]} 5. Nc3 {[%clk 1:32:01]} Nc6
{[%clk 1:32:32]} 6. Nf3 {[%clk 1:31:16]} e6 {[%clk 1:30:52]} 7. cxd5
{[%clk 1:31:35]} Nxd5 {[%clk 1:27:53]} 8. Bd3 {[%clk 1:31:29]} Be7
{[%clk 1:25:32]} 9. O-O {[%clk 1:29:03]} O-O {[%clk 1:21:58]} 10. Re1
{[%clk 1:26:26]} b6 {[%clk 1:16:03]} 11. Nxd5 {[%clk 1:05:46]} Qxd5
{[%clk 0:52:47]} 12. Be4 {[%clk 1:05:36]} Qd6 {[%clk 0:52:11]} 13. Bg5
{[%clk 0:37:47]} Bb7 {[%clk 0:38:57]} 14. d5 {[%clk 0:35:58]} Nd8
{[%clk 0:36:44]} 15. dxe6 {[%clk 0:27:29]} Qxd1 {[%clk 0:34:33]} 16. Raxd1
{[%clk 0:24:02]} Bxe4 {[%clk 0:25:11]} 17. Bxe7 {[%clk 0:16:30]} Bxf3
{[%clk 0:25:39]} 18. Bxf8 {[%clk 0:15:58]} Bxd1 {[%clk 0:25:42]} 19. e7
{[%clk 0:16:26]} Ne6 {[%clk 0:25:55]} 20. Rxd1 {[%clk 0:16:43]} Re8
{[%clk 0:25:42]} 21. Kf1 {[%clk 0:12:19]} f6 {[%clk 0:25:33]} 22. Rd7
{[%clk 0:11:31]} Nxf8 {[%clk 0:24:27]} 23. exf8=Q+ {[%clk 0:11:53]} Kxf8
{[%clk 0:24:50]} 24. Rxa7 {[%clk 0:12:16]} Rc8 {[%clk 0:25:12]} 25. b3
{[%clk 0:12:05]} Rc2 {[%clk 0:25:20]} 26. g3 {[%clk 0:11:36]} h5 {[%clk 0:25:03]}
27. h4 {[%clk 0:11:01]} b5 {[%clk 0:23:12]} 28. Ra5 {[%clk 0:09:27]} g6
{[%clk 0:19:42]} 29. Rxb5 {[%clk 0:08:36]} Rxa2 {[%clk 0:20:10]} 30. Rb7
{[%clk 0:09:02]} Rb2 {[%clk 0:19:37]} 31. Kg2 {[%clk 0:09:28]} Kg8
{[%clk 0:13:48]} 32. b4 {[%clk 0:08:07]} g5 {[%clk 0:13:12]} 33. hxg5
{[%clk 0:06:08]} fxg5 {[%clk 0:13:33]} 34. Rb5 {[%clk 0:06:37]} g4
{[%clk 0:13:46]} 35. Rg5+ {[%clk 0:06:59]} Kf7 {[%clk 0:13:15]} 36. b5
{[%clk 0:07:24]} Rb4 {[%clk 0:11:57]} 37. Rxh5 {[%clk 0:07:42]} Kg6
{[%clk 0:12:18]} 38. Rc5 {[%clk 0:08:09]} Kf7 {[%clk 0:12:23]} 39. Kf1
{[%clk 0:08:29]} Ke7 {[%clk 0:10:35]} 40. Ke2 {[%clk 0:08:49]} Kd6
{[%clk 0:09:07]} 41. Rf5 {[%clk 0:09:08]} Ke6 {[%clk 0:09:01]} 42. Rf4
{[%clk 0:09:26]} Rxb5 {[%clk 0:09:23]} 43. Rxg4 {[%clk 0:09:52]} Kf5
{[%clk 0:09:42]} 44. Rf4+ {[%clk 0:10:17]} Kg5 {[%clk 0:10:03]} 45. Kf3
{[%clk 0:09:44]} Rb3+ {[%clk 0:09:28]} 46. Kg2 {[%clk 0:10:10]} Rb2
{[%clk 0:09:42]} 47. Ra4 {[%clk 0:09:21]} Rb1 {[%clk 0:09:35]} 48. Rf4
{[%clk 0:08:42]} Rb2 {[%clk 0:08:59]} 49. Kf3 {[%clk 0:09:06]} Rb3+
{[%clk 0:09:16]} 50. Ke2 {[%clk 0:09:33]} Rb2+ {[%clk 0:09:27]} 51. Kd3
{[%clk 0:09:57]} Ra2 {[%clk 0:09:09]} 52. Kc3 {[%clk 0:08:48]} Ra3+
{[%clk 0:08:13]} 53. Kb2 {[%clk 0:09:02]} Rd3 {[%clk 0:08:05]} 54. Kc2
{[%clk 0:09:19]} Ra3 {[%clk 0:07:03]} 55. Kd2 {[%clk 0:07:34]} Rb3
{[%clk 0:06:42]} 56. Ke2 {[%clk 0:07:49]} Rb2+ {[%clk 0:06:38]} 57. Kf1
{[%clk 0:07:34]} Rb1+ {[%clk 0:06:11]} 58. Kg2 {[%clk 0:07:38]} 1/2-1/2

[Event "Glorney Gilbert International 2017 - Glorney"]
[Site "Daventry, England"]
[Date "2017.07.25"]
[Round "3.9"]
[White "Peoples, Jonathon"]
[Black "Cocks, Elliot"]
[Result "1/2-1/2"]
[BlackElo "2036"]
[WhiteElo "1791"]
[LiveChessVersion "1.4.6"]

1. e4 {[%clk 1:30:58]} c5 {[%clk 1:30:55]} 2. Nf3 {[%clk 1:31:25]} d6
{[%clk 1:31:21]} 3. d4 {[%clk 1:31:52]} cxd4 {[%clk 1:31:47]} 4. Nxd4
{[%clk 1:32:20]} Nf6 {[%clk 1:32:11]} 5. Nc3 {[%clk 1:32:47]} Nc6
{[%clk 1:32:35]} 6. Bg5 {[%clk 1:33:13]} e6 {[%clk 1:32:58]} 7. Qd2
{[%clk 1:33:39]} a6 {[%clk 1:33:24]} 8. O-O-O {[%clk 1:33:53]} Bd7
{[%clk 1:33:49]} 9. f3 {[%clk 1:32:39]} b5 {[%clk 1:31:50]} 10. g4
{[%clk 1:27:34]} Be7 {[%clk 1:30:47]} 11. h4 {[%clk 1:25:31]} h5 {[%clk 1:08:54]}
12. gxh5 Rxh5 {[%clk 1:07:05]} 13. Bxf6 {[%clk 1:07:34]} Bxf6 {[%clk 1:06:21]}
14. Nxc6 {[%clk 1:05:05]} Bxc6 {[%clk 1:05:26]} 15. Qxd6 {[%clk 1:05:16]} Qxd6
{[%clk 1:05:41]} 16. Rxd6 {[%clk 1:05:41]} Rc8 {[%clk 1:05:58]} 17. Ne2
{[%clk 1:01:52]} Ke7 {[%clk 1:05:30]} 18. Rd3 {[%clk 1:00:19]} Rxh4
{[%clk 1:03:20]} 19. Rxh4 {[%clk 0:58:09]} Bxh4 {[%clk 1:03:38]} 20. Nd4
{[%clk 0:56:36]} Bb7 {[%clk 1:03:14]} 21. Bg2 {[%clk 0:55:09]} Bf6
{[%clk 1:02:02]} 22. f4 {[%clk 0:55:10]} Rc4 {[%clk 0:59:38]} 23. c3
{[%clk 0:50:37]} b4 {[%clk 0:48:02]} 24. b3 {[%clk 0:50:05]} Rc8 {[%clk 0:46:14]}
25. Ne2 {[%clk 0:48:23]} g5 {[%clk 0:25:25]} 26. fxg5 {[%clk 0:31:28]} Bxg5+
{[%clk 0:25:39]} 27. Kb2 {[%clk 0:31:54]} Bf6 {[%clk 0:25:11]} 28. Kc2
{[%clk 0:31:24]} a5 {[%clk 0:23:48]} 29. Bf3 {[%clk 0:28:46]} Be5
{[%clk 0:23:10]} 30. c4 {[%clk 0:28:53]} Rh8 {[%clk 0:22:16]} 31. Kd2
{[%clk 0:28:24]} Rh2 {[%clk 0:21:55]} 32. Ke3 {[%clk 0:27:43]} Bc6
{[%clk 0:19:14]} 33. Rd1 {[%clk 0:25:18]} Bf6 {[%clk 0:11:36]} 34. Rg1
{[%clk 0:23:14]} Be5 {[%clk 0:07:57]} 1/2-1/2

[Event "Glorney Gilbert International 2017 - Glorney"]
[Site "Daventry, England"]
[Date "2017.07.25"]
[Round "3.10"]
[White "Forster, Matthew"]
[Black "Nolan, Dermot"]
[Result "1-0"]
[BlackElo "1655"]
[WhiteElo "1982"]
[LiveChessVersion "1.4.6"]

1. c4 {[%clk 1:30:59]} Nf6 {[%clk 1:30:53]} 2. g3 {[%clk 1:31:10]} g6
{[%clk 1:31:18]} 3. Bg2 {[%clk 1:31:34]} Bg7 {[%clk 1:31:43]} 4. Nc3
{[%clk 1:32:00]} O-O {[%clk 1:32:08]} 5. Nf3 {[%clk 1:32:17]} d6 {[%clk 1:32:29]}
6. O-O {[%clk 1:32:42]} Nbd7 {[%clk 1:32:18]} 7. d3 {[%clk 1:32:38]} e5
{[%clk 1:31:54]} 8. Rb1 {[%clk 1:31:51]} a5 {[%clk 1:31:39]} 9. a3
{[%clk 1:32:14]} Nh5 {[%clk 1:30:40]} 10. b4 {[%clk 1:32:18]} axb4
{[%clk 1:30:14]} 11. axb4 {[%clk 1:32:17]} f5 {[%clk 1:29:53]} 12. Ng5
{[%clk 1:24:01]} Ndf6 {[%clk 1:25:11]} 13. Qb3 {[%clk 1:15:26]} Kh8
{[%clk 1:23:45]} 14. c5 {[%clk 1:12:43]} Qe8 {[%clk 1:20:49]} 15. Nd5 Qd7
{[%clk 1:06:19]} 16. cxd6 {[%clk 1:05:48]} Qxd6 {[%clk 0:56:47]} 17. Be3
{[%clk 0:54:33]} Nd7 {[%clk 0:45:16]} 18. Rfc1 c6 19. Bc5 {[%clk 0:35:11]} Nxc5
{[%clk 0:45:20]} 20. bxc5 {[%clk 0:34:43]} Qd8 {[%clk 0:45:01]} 21. Nb6
{[%clk 0:32:04]} Qxg5 {[%clk 0:40:16]} 22. Nxa8 {[%clk 0:32:15]} Re8
{[%clk 0:35:14]} 23. Nb6 {[%clk 0:27:18]} Be6 {[%clk 0:34:21]} 24. Nc4
{[%clk 0:26:10]} Re7 {[%clk 0:34:41]} 25. Qa3 {[%clk 0:24:24]} Bxc4
{[%clk 0:32:50]} 26. Rxc4 {[%clk 0:21:27]} h6 {[%clk 0:33:13]} 27. Qa8+
{[%clk 0:20:38]} Kh7 {[%clk 0:33:08]} 28. Rxb7 Rxb7 {[%clk 0:33:29]} 29. Qxb7
{[%clk 0:20:44]} f4 {[%clk 0:33:30]} 30. Qxc6 {[%clk 0:17:55]} fxg3
{[%clk 0:32:15]} 31. hxg3 {[%clk 0:15:11]} Qd2 32. Bf3 Nf6 {[%clk 0:31:03]} 33.
Qa8 {[%clk 0:14:29]} e4 {[%clk 0:30:26]} 34. dxe4 {[%clk 0:13:42]} h5
{[%clk 0:30:28]} 35. e5 {[%clk 0:12:47]} Qe1+ {[%clk 0:30:17]} 36. Kg2
{[%clk 0:12:49]} Ng4 {[%clk 0:30:41]} 37. Bxg4 {[%clk 0:12:57]} hxg4
{[%clk 0:31:06]} 38. Qe4 {[%clk 0:12:55]} 1-0